000 00675nam a2200241Ia 4500
003 OSt
005 20221006143723.0
006 a|||||r|||| 00| 0
007 ta
008 221006b |||||||| |||| 00| 0 eng d
020 _c
_16.50
024 _a9,765
037 _cTextual
040 _aEASL
_cEASL
_beng
041 _2eng
_aeng
082 _aX8(J):275:(F).41.N7, L2
100 _aKUO Leslie T C
245 0 _aTechnical transformation of agriculture in Communist China
260 _aNew York
_bPraeger Publishers
_c1972
300 _a266p.
_ccm.
942 _hX8(J):275:(F).41.N7, L2
_cTEXL
_2CC
999 _c1077851
_d1077851